| 000 | 01174nam a22003137a 4500 | ||
|---|---|---|---|
| 001 | 7195 | ||
| 003 | FISKH | ||
| 005 | 20250702101129.0 | ||
| 008 | 250702b cb ||||| |||| 00| 0 eng d | ||
| 020 | _a0590997858 | ||
| 040 |
_aEOW _cEOW _dSLC _dOCL _dOCLCQ _dBAKER _dXY4 _dBTCTA _dNZIPP _dKZV _dOCLCQ _dQJB _dDLC _beng |
||
| 050 | _a PZ7.D128 G | ||
| 082 | _a813 | ||
| 100 | 1 |
_aDadey, Debbie _d(1959-) |
|
| 245 | 1 | 0 |
_aGargoyles don't drive school buses / _cby Debbie Dadey and Marcia Thornton Jones ; illustrated by John Steven Gurney. |
| 250 | _aThis edition first published in 1996 | ||
| 260 |
_aNew York : _bScholastic, _c1996. |
||
| 300 |
_a66 pages : _billustrations ; _c20 cm |
||
| 490 | 0 | _aLittle Apple fiction | |
| 490 | 1 |
_aAdventures of the Bailey School kids ; _v19 |
|
| 505 | _aN | ||
| 520 | _aWhen the old library is threatened with demolition and a new bus driver who looks like one of the library's gargoyles appears in town, the Bailey school kids are sure there is a connection. | ||
| 521 | 8 |
_a580
_bLexile |
|
| 521 | 8 |
_aN
_bRaz-Plus |
|
| 650 | 0 |
_aGargoyles _vFiction. |
|
| 650 | 0 |
_aBus drivers _vFiction. |
|
| 942 |
_2ddc _cBK _n0 |
||
| 999 |
_c7195 _d7195 |
||